Géographie de la France par lettre - I - Statistiques

Statistiques générales
  • Ce quiz a été pris 13 074 fois
  • Le résultat moyen est 10 sur 20
Statistiques - réponses
Question Réponse % Correct
Pays frontalier de la France Italie
98%
Département alpin avec pour chef-lieu Grenoble Isère
91%
Région comprenant la capitale du pays Île-de-France
89%
Avec la Vilaine, cette rivière donne son nom à un département Ille
80%
Rivière donnant son nom au département n°36 Indre
73%
Vaste péninsule recouvrant notamment l'Espagne et le Portugal, ainsi qu'une partie de la Cerdagne française Ibérique
71%
Pays dans lequel est implanté le domaine national français en Terre sainte Israël
62%
Village des Alpes-Maritimes, accueillant la célèbre station de sports d'Hiver _____ 2000 Isola
54%
Pont parisien sur la Seine tirant son nom d'un célèbre hôtel où sont enterrées d'illustres personnes Pont des {Invalides}
52%
Autre commune frontalière de Paris, elle figure parmi les plus peuplées du Val-de-Marne Ivry-sur-Seine
50%
Sous-préfecture des Bouches-du-Rhône, sur l'étang de Berre Istres
47%
Commune des Hauts-de-Seine flirtant avec les 70 000 habitants et située aux portes de Paris Issy les Moulineaux
45%
Sous-préfecture du Puy-de-Dôme, au sud de Clermont-Ferrand Issoire
43%
Plus haut col routier des Alpes Col de l'{Iseran}
30%
Division de la mer Celtique, que l'on retrouve notamment dans le Finistère Mer d'{Iroise}
30%
Commune du département précédent située près de Bourgoin-Jallieu et peuplée de plus de 15 000 habitants L'{Isle d'Abeau}
25%
Sous-préfecture du département précédent Issoudun
21%
Col historique du Tour de France situé près de Briançon Col de l'{Izoard}
19%
Commune de la banlieue de Strasbourg peuplée de plus de 25 000 habitants Illkirch-Graffenstaden
15%
Ville en trois lettres de la banlieue de Caen, elle est l'une des plus peuplée du Calvados Ifs
12%
Aucun quiz correspondant
Distribution des résultats
% des personnes avec chaque résultat
Percentile par nombre de réponses
Votre historique - résultats
Vous n’avez pas pris ce quiz